The geology of Bedford and Fulton counties / (Record no. 133582)

MARC details
000 -LEADER
campo de control de longitud fija 00478nam a2200145 i 4500
001 - NÚMERO DE CONTROL
campo de control 133582
003 - IDENTIFICADOR DE NÚMERO DE CONTROL
campo de control ES-MaACL
007 - CAMPO FIJO DE DESCRIPCIÓN FÍSICA--INFORMACIÓN GENERAL
campo de control de longitud fija t|
008 - DATOS DE LONGITUD FIJA--INFORMACIÓN GENERAL
campo de control de longitud fija 070821s1882 xxu ||||1| eng d
100 1# - ENTRADA PRINCIPAL--NOMBRE DE PERSONA
Nombre de persona Stevenson, John James.
9 (RLIN) 108167
245 14 - MENCIÓN DEL TÍTULO
Título The geology of Bedford and Fulton counties /
Mención de responsabilidad, etc. by J. J. Stevenson.
260 ## - PUBLICACIÓN, DISTRIBUCIÓN, ETC.
Lugar de publicación, distribución, etc. Harrisburg :
Nombre del editor, distribuidor, etc. Pub. by the Board of commissioners for the Second geological survey,
Fecha de publicación, distribución, etc. 1882.
300 ## - DESCRIPCIÓN FÍSICA
Extensión 382 p. :
Otras características físicas il. ;
Dimensiones 23 cm.
852 ## - LOCALIZACIÓN
Ubicación ES-MaACL
Número de control de estantería B-7988
Holdings
Estatus retirado Estado de pérdida Estado de daño No para préstamo Colección Biblioteca de origen Biblioteca actual Ubicación en estantería Fecha de adquisición Fuente de adquisición Total de préstamos Signatura topográfica completa Código de barras Visto por última vez Precio de reemplazo Tipo de ítem Koha
        Libros del s. XIX Biblioteca del Ateneo de Madrid Biblioteca del Ateneo de Madrid Sala Pardo Bazán 17/01/2008     B-7988 1139061 23/02/2023 23/02/2023 Libro impreso antiguo